Feminisms of discontent : (Record no. 104059)

MARC details
000 -LEADER
fixed length control field 00626nam a22001937a 4500
005 - DATE AND TIME OF LATEST TRANSACTION
control field 20161019125650.0
010 ## - LCCN (DPL NO)
LC control number ENG-116228
020 ## - INTERNATIONAL STANDARD BOOK NUMBER
International Standard Book Number 9780199452941
Terms of availability 850.00
035 ## - SYSTEM CONTROL NUMBER
System control number EN-99760
037 ## - SOURCE OF ACQUISITION
Source of stock number/acquisition DBAD/PUB
082 ## - DEWEY DECIMAL CLASSIFICATION NUMBER
Classification number 305.42
245 ## - TITLE STATEMENT
Title Feminisms of discontent :
Statement of responsibility, etc edited by Ashleigh Barnes
Remainder of title global contestations /
260 ## - PUBLICATION, DISTRIBUTION, ETC. (IMPRINT)
Place of publication, distribution, etc New Delhi
Name of publisher, distributor, etc Oxford University Press
Date of publication, distribution, etc 2015
270 ## - ADDRESS
Address YMCA Library Building, 1 Jai Singh Road,
City New Delhi
Postal code 110001
300 ## - PHYSICAL DESCRIPTION
Extent ix,252p.
Dimensions 22cm(Hb)
500 ## - GENERAL NOTE
General note Includes references and index
700 ## - ADDED ENTRY--PERSONAL NAME
Personal name Barnes,Ashleigh
942 ## - ADDED ENTRY ELEMENTS (KOHA)
Source of classification or shelving scheme Dewey Decimal Classification
Item type English Books
Call number suffix FEM
Classification part 305.42
Holdings
Withdrawn status Lost status Not for loan Collection code Home library Current library Date acquired Source of acquisition Cost, normal purchase price Full call number Barcode Copy number Cost, replacement price Koha item type
      Non-fiction Bawana Bawana 19/10/2016 DBAD/PUB 850.00 305.42 FEM EN-99760 1 850.00 English Books

© Delhi Public Library
Hit Counter
free hit counter